| 000 | 01130nam2a22002651 4500 | ||
|---|---|---|---|
| 001 | v19\rc\1604709 | ||
| 005 | 20250618202110.0 | ||
| 035 | _a(NLR Aleph) 004692508 | ||
| 090 |
_a3954238 _c3954238 |
||
| 100 | _a20061002d1902 |||y0rusy50 ca | ||
| 101 | 0 | _arus | |
| 102 | _aRU | ||
| 105 | _ay z ||||| | ||
| 200 | 0 |
_aза 1901-1902 год _e7-й отчетный год |
|
| 210 |
_d1902 _aБ. м. |
||
| 215 | _a15 с. | ||
| 461 | 0 |
_1001v19\rc\1604703 _12001#$aОтчет Русского паровозостроительного и механического общества...$vза 1901-1902 год _93954166 _aРусское паровозостроительное и механическое общество _cПетроград _d1896-1916 _tОтчет Русского паровозостроительного и механического общества... _vза 1901-1902 год |
|
| 801 | 0 |
_aRU _bNLR _gpsbo |
|
| 801 | 0 |
_aRU _bRuMoRGB _2psbo |
|
| 801 | 1 |
_aRU _bProSoft-M _2rusmarc |
|
| 852 |
_aNLR _j19.120.3.35 |
||
| 899 |
_aRuMoRGB (1895-1916*) _jR 7/704 |
||
| 899 | _aБАН (1898-1906*) | ||
| 942 | _cBOOK | ||
| 980 | _aNB | ||